|
|
|
|
| LEADER |
00864nam a2200193 a 4500 |
| 001 |
GR-MES4121 |
| 008 |
991111s1987 gr 000 0 gre d |
| 040 |
|
|
|a GrPaTEI
|b gre
|c GR-PaULI
|
| 245 |
0 |
0 |
|a Οικονομικό δίκαιο Ι :
|b Θεμελιώδη προβλήματα.Θεμελιώδεις εννοιες.
|
| 260 |
|
|
|a Αθήνα :
|b Σάκκουλας,
|c 1987
|
| 300 |
|
|
|a 197σελ.
|
| 500 |
|
|
|a βιβλιογραφία:σελ(167-186)
|
| 650 |
|
4 |
|a Δίκαιο
|
| 650 |
|
4 |
|a ΟΙΚΟΝΟΜΙΚΟ ΔΙΚΑΙΟ
|
| 700 |
1 |
|
|a Βελέντζας, Ιωάννης Ε.,
|d 1961-
|
| 942 |
|
|
|2 ddc
|
| 952 |
|
|
|0 0
|1 0
|2 ddc
|4 0
|6 341_750000000000000_ΒΕΛ
|7 0
|9 268780
|a MSLG
|b MSLG
|c BSC
|d 2021-01-17
|e 24
|f 0
|g 0.00
|l 0
|o 341.75 ΒΕΛ
|p 2420000011040
|r 2021-01-17 00:00:00
|t 1
|w 2021-01-17
|y BK15
|x 19991111 0 1
|x GrPaTEI
|
| 971 |
|
|
|a .b25751670
|b 16-04-20
|c 13-09-16
|
| 999 |
|
|
|c 154915
|d 154915
|